| 000 | 02257nam a2200457 a 4500 | ||
|---|---|---|---|
| 001 | ebr10470870 | ||
| 003 | CaPaEBR | ||
| 006 | m u | ||
| 007 | cr cn||||||||| | ||
| 008 | 110125s2011 enk sb 001 0 eng d | ||
| 010 | _z 2011002284 | ||
| 020 | _z9780754676386 (hardback : alk. paper) | ||
| 020 | _z9780754676393 (e-book) | ||
| 040 |
_aCaPaEBR _cCaPaEBR |
||
| 035 | _a(OCoLC)732959045 | ||
| 043 |
_ae------ _ae-au--- |
||
| 050 | 1 | 4 |
_aD1055 _b.K365 2011eb |
| 082 | 0 | 4 |
_a320.54094 _222 |
| 100 | 1 | _aKarner, Christian. | |
| 245 | 1 | 0 |
_aNegotiating national identities _h[electronic resource] : _bbetween globalization, the past and 'the other' / _cChristian Karner. |
| 260 |
_aFarnham, Surrey, U.K. ; _aBurlington, Vt. : _bAshgate, _cc2011. |
||
| 300 | _a274 p. | ||
| 490 | 1 | _aResearch in migration and ethnic relations series | |
| 504 | _aIncludes bibliographical references and index. | ||
| 505 | 0 | _aParadigms of identity -- National symbols and histories in crisis -- The past, the present, nation-states and Europe -- Markets and nations : of flows and solidarities -- Counter-hegemony : universal human rights versus exclusive citizen entitlements -- Everyday politics : self-other relationships and lived ambivalences -- "The other" : representations of and by. | |
| 533 |
_aElectronic reproduction. _bPalo Alto, Calif. : _cebrary, _d2013. _nAvailable via World Wide Web. _nAccess may be limited to ebrary affiliated libraries. |
||
| 650 | 0 | _aNational characteristics, European. | |
| 650 | 0 |
_aNationalism _xSocial aspects _zEurope. |
|
| 650 | 0 |
_aGroup identity _zEurope. |
|
| 650 | 0 |
_aIdentity (Psychology) _xSocial aspects _zEurope. |
|
| 650 | 0 |
_aGlobalization _xSocial aspects _zEurope. |
|
| 650 | 0 | _aNational characteristics, Austrian. | |
| 650 | 0 |
_aNationalism _xSocial aspects _zAustria. |
|
| 650 | 0 |
_aGroup identity _zAustria. |
|
| 650 | 0 |
_aIdentity (Psychology) _xSocial aspects _zAustria. |
|
| 650 | 0 |
_aGlobalization _xSocial aspects _zAustria. |
|
| 655 | 7 |
_aElectronic books. _2local |
|
| 710 | 2 | _aebrary, Inc. | |
| 830 | 0 | _aResearch in migration and ethnic relations series. | |
| 856 | 4 | 0 |
_uhttp://site.ebrary.com/lib/rucke/Doc?id=10470870 _zAn electronic book accessible through the World Wide Web; click to view |
| 999 |
_c115230 _d115230 |
||